Living illustrations, (Record no. 17969)

000 -LEADER
fixed length control field 00641cam a22002171 4500
001 - CONTROL NUMBER
control field 10091323
003 - CONTROL NUMBER IDENTIFIER
control field OkBaRHE
005 - DATE AND TIME OF LATEST TRANSACTION
control field 20111028132922.0
008 - FIXED-LENGTH DATA ELEMENTS--GENERAL INFORMATION
fixed length control field 801029s1908 xx 000 0 eng
010 ## - LIBRARY OF CONGRESS CONTROL NUMBER
LC control number 08037352
035 ## - SYSTEM CONTROL NUMBER
System control number (OCoLC)6877241
040 ## - CATALOGING SOURCE
Original cataloging agency DLC
Transcribing agency CLolC
Modifying agency CLolC
-- DLC
050 00 - LIBRARY OF CONGRESS CALL NUMBER
Classification number BV 4515
Item number .C36
100 1# - MAIN ENTRY--PERSONAL NAME
Personal name Carradine, Beverly,
Dates associated with a name 1848-1919.
9 (RLIN) 1663
245 10 - TITLE STATEMENT
Title Living illustrations,
Statement of responsibility, etc by Beverly Carradine.
260 ## - PUBLICATION, DISTRIBUTION, ETC. (IMPRINT)
Place of publication, distribution, etc Chicago,
Name of publisher, distributor, etc The Christian Witness Co.
Date of publication, distribution, etc [1908]
300 ## - PHYSICAL DESCRIPTION
Extent 290 p.
Dimensions 19 cm.
650 #0 - SUBJECT ADDED ENTRY--TOPICAL TERM
Topical term or geographic name as entry element Christian life
Form subdivision Fiction.
9 (RLIN) 1664
906 ## - LOCAL DATA ELEMENT F, LDF (RLIN)
a 7
b cbc
c oclcrpl
d u
e ncip
f 19
g y-gencatlg
942 ## - ADDED ENTRY ELEMENTS (KOHA)
Source of classification or shelving scheme
Koha item type Books
Copies
Price effective from Koha item type Shelving location Withdrawn status Barcode Date acquired Lost status Copy number Damaged status Current Location Permanent Location Source of classification or shelving scheme Date last seen Full call number Not for loan
2011-10-28BooksGeneral Stacks 222862011-10-28 1 RHEMA Bible Training CollegeRHEMA Bible Training College 2011-10-28BV 4515 .C36